UBT Library

SHENDETI ORAL DHE TRAJTIMI STOMATOLOGJIK I FEMIJEVE ME SEMUNDJE TE ZEMRES (Record no. 60626)

000 -LEADER
fixed length control field 00398nam a22001457a 4500
008 - FIXED-LENGTH DATA ELEMENTS--GENERAL INFORMATION
fixed length control field 240426b ||||| |||| 00| 0 eng d
020 ## - INTERNATIONAL STANDARD BOOK NUMBER
International Standard Book Number 9789951914642
041 ## - LANGUAGE CODE
Language code of text/sound track or separate title SHQIP
080 ## - UNIVERSAL DECIMAL CLASSIFICATION NUMBER
Edition identifier 2023
Universal Decimal Classification number 616.31
082 ## - DEWEY DECIMAL CLASSIFICATION NUMBER
Classification number 616.31REX
100 ## - Rafti
Rafti 12
101 ## - Shkurtesa
Shkurtesa STOMATOLOGJI
245 ## - TITLE STATEMENT
Title SHENDETI ORAL DHE TRAJTIMI STOMATOLOGJIK I FEMIJEVE ME SEMUNDJE TE ZEMRES
Statement of responsibility, etc AIDA NAMANI REXHEPI
942 ## - ADDED ENTRY ELEMENTS (KOHA)
Source of classification or shelving scheme
Item type Books
Holdings
Withdrawn status Lost status Source of classification or shelving scheme Damaged status Not for loan Collection code Permanent location Current location Date acquired Total Checkouts Full call number Barcode Date last seen Price effective from Koha item type
          Koleksioni i përgjithshem UBT - Lipjan UBT - Lipjan 04/26/2024   616.31REX 002-800070679 04/26/2024 04/26/2024 Books
UBT Library © 2015-2024. All rights reserved University Education for Business and Technology